000
00425nam a2200169Ia 4500
008
090711s9999 xx 000 0 und d
082
_b
44890
100
_a
आफळे सुनीती
245
_a
अनाथ
260
_c
1981
300
_a
136
600
_a
आफळे सुनीती
630
_a
अनाथ
700
_a
आफळे सुनीती
730
_a
अनाथ
942
_c
BOOK
999
_c
328066
_d
328066